Programový systém pre komunikáciu s programovateľným generátorom HPA z lokálného a vzdialeného počítača
Na minha lista:
| Autor principal: | |
|---|---|
| Outros Autores: | , |
| Formato: | Manuscrito Livro |
| Idioma: | eslovaco |
| Publicado em: |
Bratislava :
STU v Bratislave FEI,
2002
|
| Assuntos: | |
| Tags: |
Sem tags, seja o primeiro a adicionar uma tag!
|
MARC
| LEADER | 00000ntm a22000003a 4500 | ||
|---|---|---|---|
| 001 | stu76362 | ||
| 005 | 20160719164756.6 | ||
| 008 | 020628s2002------------------------slo-d | ||
| 040 | |a STU |b slo | ||
| 041 | 0 | |a slo | |
| 100 | 1 | |a Ondruš, Juraj |4 aut | |
| 245 | 1 | |a Programový systém pre komunikáciu s programovateľným generátorom HPA z lokálného a vzdialeného počítača | |
| 260 | |a Bratislava : |b STU v Bratislave FEI, |c 2002 | ||
| 300 | |a 73 s |c príl. | ||
| 650 | 7 | |a informatika |2 stusub | |
| 700 | 1 | |a Čičák, Pavel, |d 1955- |4 ths |u E220 |U FEI Fakulta elektrotechniky a informatiky |T FEI Katedra informatiky a výpočtovej techniky |X 1926 |U E220 |Y 69 |7 1926 | |
| 700 | 1 | |a Ondrášová, Iveta, |d 1962- |4 ths |u E190 |U FEI Fakulta elektrotechniky a informatiky |T FEI Katedra merania |X 2042 |U E190 |Y 66 |7 A000002042 | |
| 996 | |b EDIPL-7003 |c I*DIPL-7003 |l II680 |s A |a 24 |w stu76362_0001 | ||